[Event "Galicia-ch U18"]
[Site "Padron"]
[Date "2022.02.28"]
[Round "5"]
[White "Martinez Montes, Juan Manuel"]
[Black "Alonso Moyano, Miguel"]
[Result "1-0"]
[WhiteElo "2020"]
[BlackElo "1590"]
[PlyCount "125"]
[EventDate "2022.02.26"]
[EventType "swiss"]
[EventRounds "8"]
[EventCountry "ESP"]
[SourceTitle "EXT 2023"]
[Source "ChessBase"]
[SourceDate "2022.10.05"]
[SourceVersion "1"]
[SourceVersionDate "2022.10.05"]
[SourceQuality "1"]

1. Nf3 e6 2. d4 f5 3. c4 Nf6 4. Nc3 d5 5. Bg5 c6 6. h3 Be7 7. e3 0-0 8. Bd3 Ne4 9. Bf4 Bd7 10. cxd5 exd5 11. Bxe4 fxe4 12. Ne5 Be6 13. Qc2 Nd7 14. a3 Nxe5 15. Bxe5 Bd6 16. Bxd6 Qxd6 17. Qb3 Rf7 18. Qb4 Qd8 19. Ne2 g5 20. a4 a5 21. Qc5 Rc8 22. Rc1 b6 23. Qa3 Qf6 24. Rf1 c5 25. Qb3 Qd8 26. dxc5 bxc5 27. Qb5 Bd7 28. Qb3 Qf6 29. Qxd5 Qxb2 30. Qxg5+ Kh8 31. Qd5 Qb4+ 32. Nc3 Rcf8 33. Qxe4 Qb2 34. Qc2 Qb7 35. Ne4 Qb4+ 36. Qc3+ Kg8 37. Nxc5 Qh4 38. Qc4 Qxc4 39. Rxc4 Rc8 40. Ke2 Bxa4 41. Rxa4 Rxc5 42. Ra2 Rg5 43. g4 h5 44. f4 Rb5 45. Rfa1 hxg4 46. hxg4 Ra7 47. Kf3 Kf7 48. g5 Kg6 49. Kg4 Kg7 50. e4 Ra8 51. f5 Rb4 52. Ra4 Rab8 53. Kf4 Re8 54. Rxb4 axb4 55. Rb1 Rb8 56. Rb3 Kf7 57. g6+ Kg7 58. Kg5 Rb5 59. e5 Rxe5 60. Rxb4 Ra5 61. Rb7+ Kf8 62. Kh6 Ra6 63. Kh7 1-0

[Event "Ponteareas op 2nd"]
[Site "Ponteareas"]
[Date "2019.04.20"]
[Round "2"]
[White "Alvarez Pampillon, Antonio"]
[Black "Alonso Moyano, Miguel"]
[Result "1-0"]
[WhiteElo "1708"]
[BlackElo "1297"]
[PlyCount "37"]
[EventDate "2019.04.20"]
[EventType "swiss"]
[EventRounds "5"]
[EventCountry "ESP"]
[SourceTitle "CBM 190 Extra"]
[Source "ChessBase"]
[SourceDate "2019.07.15"]
[SourceVersion "1"]
[SourceVersionDate "2019.07.15"]
[SourceQuality "1"]

1. g3 c6 2. Bg2 d5 3. d4 Nf6 4. Nf3 Bf5 5. 0-0 e6 6. b3 Bd6 7. Bb2 0-0 8. Nbd2 Qe7 9. Re1 Nbd7 10. Ne5 c5 11. e4 Bg6 12. Nxg6 hxg6 13. e5 Bxe5 14. dxe5 Nh7 15. f4 g5 16. c4 Nb6 17. f5 dxc4 18. f6 Qc7 19. Qh5 1-0

[Event "Pontevedra op-B 6th"]
[Site "Pontevedra"]
[Date "2018.08.13"]
[Round "8"]
[White "Alonso Moyano, Miguel"]
[Black "Fernandez Martinez, Ricardo"]
[Result "0-1"]
[WhiteElo "1257"]
[BlackElo "1159"]
[PlyCount "74"]
[EventDate "2018.08.08"]
[EventType "swiss"]
[EventRounds "9"]
[EventCountry "ESP"]
[SourceTitle "CBM 186 Extra"]
[Source "ChessBase"]
[SourceDate "2018.08.24"]
[SourceVersion "1"]
[SourceVersionDate "2018.08.24"]
[SourceQuality "1"]

1. Nf3 d5 2. b3 Bf5 3. Bb2 e6 4. d3 Nf6 5. Nbd2 h6 6. g3 Be7 7. Bg2 0-0 8. 0-0 Nbd7 9. Nd4 Bh7 10. e4 c5 11. Ne2 Rb8 12. e5 Ng4 13. f4 Ne3 14. Qc1 Nxf1 15. Qxf1 f6 16. d4 cxd4 17. Nxd4 fxe5 18. Nxe6 Qb6+ 19. Kh1 Qxe6 20. c4 dxc4 21. bxc4 Qb6 22. Nb3 exf4 23. Qe1 Rbe8 24. Rd1 Ba3 25. Qc3 Bxb2 26. Qxb2 Nc5 27. Rg1 Nxb3 28. axb3 f3 29. Bh3 Qc6 30. Qf2 Re2 31. Qf1 f2+ 32. Bg2 fxg1Q+ 33. Qxg1 Qf6 34. h3 Be4 35. Bxe4 Qf1 36. Bg2 Qxg1+ 37. Kxg1 Rff2 0-1

[Event "Pontevedra op-B 6th"]
[Site "Pontevedra"]
[Date "2018.08.09"]
[Round "2"]
[White "Alonso Moyano, Miguel"]
[Black "Sousa, David Oliva Teles"]
[Result "0-1"]
[WhiteElo "1257"]
[BlackElo "1462"]
[PlyCount "58"]
[EventDate "2018.08.08"]
[EventType "swiss"]
[EventRounds "9"]
[EventCountry "ESP"]
[SourceTitle "CBM 186 Extra"]
[Source "ChessBase"]
[SourceDate "2018.08.24"]
[SourceVersion "1"]
[SourceVersionDate "2018.08.24"]
[SourceQuality "1"]

1. f4 d5 2. Nf3 c5 3. b3 Nc6 4. h3 e6 5. Bb2 Be7 6. g3 Nf6 7. e3 0-0 8. Be2 Ne4 9. Nc3 Nxg3 10. Rh2 Nxe2 11. Qxe2 Bh4+ 12. Nxh4 Qxh4+ 13. Qf2 Qxf2+ 14. Kxf2 Ne7 15. Rg1 Nf5 16. Ne2 f6 17. Ba3 b6 18. d4 cxd4 19. Bxf8 dxe3+ 20. Kf3 Kxf8 21. c3 e5 22. Ng3 Nxg3 23. Rxg3 d4 24. cxd4 exd4 25. Ke4 Ba6 26. Kxd4 e2 27. Rg1 Rd8+ 28. Ke3 Rd1 29. Rhh1 Rf1 0-1

[Event "Pontevedra op-B 6th"]
[Site "Pontevedra"]
[Date "2018.08.08"]
[Round "1"]
[White "Lesteiro Lores, Manuel Raul"]
[Black "Alonso Moyano, Miguel"]
[Result "1-0"]
[WhiteElo "1729"]
[BlackElo "1257"]
[PlyCount "53"]
[EventDate "2018.08.08"]
[EventType "swiss"]
[EventRounds "9"]
[EventCountry "ESP"]
[SourceTitle "CBM 186 Extra"]
[Source "ChessBase"]
[SourceDate "2018.08.24"]
[SourceVersion "1"]
[SourceVersionDate "2018.08.24"]
[SourceQuality "1"]

1. c4 b6 2. Nc3 Bb7 3. e4 e6 4. a3 c5 5. Nf3 Be7 6. d4 d5 7. cxd5 exd5 8. exd5 Bxd5 9. dxc5 Bxf3 10. Qxf3 Nd7 11. c6 Ne5 12. Qe4 Ng6 13. c7 Qc8 14. Ba6 Qxa6 15. Qxa8+ Kd7 16. c8Q+ Qxc8 17. Qxa7+ Qc7 18. Qa4+ Qc6 19. Qd4+ Ke8 20. 0-0 Nf6 21. Re1 Kf8 22. Bg5 h6 23. Be3 Bc5 24. Qd8+ Ne8 25. Bxc5+ bxc5 26. Nd5 f6 27. Ne7 1-0